000 00653nam a2200229Ia 4500
005 20230328133803.0
008 230125s9999 xx 000 0 und d
020 _a978-0-143-44982-9
041 _aeng
082 _a920.71
_bJHA
100 _aJha B
_9118601
245 _aBike Ambulance Dada - The Inspiring Story of Karimul Hak The Man Who Saved over 4000 Lives
250 _a1st Ed.
260 _c2021
_bPenguin Random House India
_aNew Delhi
300 _a256p
500 _aBiography;Biography-Men
650 _aBiography;Biography-Men
_9119155
700 _aJha B
_9118601
906 _b62.5
942 _cBK
999 _c96697
_d96697